000 01590nam0a22003131 4500
001 rc\2327122
005 20110829144917.1
035 _a(NLR Aleph) 006581268
090 _a7048203
_c7048203
100 _a20110829d1977 |||y0rusy50 ca
101 0 _arus
102 _aRU
105 _ay z |||||
200 1 _aОрганизация индивидуального социалистического соревнования в условиях поточно-массового, конвейерного и высокомеханизированного производства
_fВДНХ СССР. Филиал НИИ информации автомоб. пром-сти. Филиал НИИНавтопрома
210 _aТольятти
_cБ. и.
_d1977
215 _a30 с.
_d20
225 1 _aЭкспресс-информация
_iОпыт Волж. автозавода им. 50-летия СССР
_iЭкономика автомобилестроения
300 _aВ конце текста: А.К. Осипов, Б.Г. Тукумцев, С.Н. Манешин
320 _aБиблиогр.: с. 30
702 1 _aТукумцев
_bБ. Г.
_4220
702 1 _aМанешин
_bС. Н.
_4220
702 1 _aОсипов
_bА. К.
_4220
712 0 2 _aНИИ информации автомобильной промышленности
_cМосква
_bТольяттинский филиал
_3RU\NLR\AUTH\8810025704
801 0 _aRU
_bNLR
_gpsbo
801 1 _aRU
_bELAR
_2rusmarc
852 _aNLR
_j77-4/21117
899 _aRuMoRGB
_jM 77-12/140
942 _cBOOK
980 _aNB